Born in Kansas City - Statistics

General Stats
  • This quiz has been taken 35 times
    9 since last reset
  • The average score is 13 of 26
Answer Stats
Hint State Answer % Correct
Actress, "E.T. the Extra-Terrestrial" "The Hills Have Eyes" "Critters" 1948 Kansas Dee Wallace
100%
Blues singer, "Shake, Rattle and Roll" 1911 Missouri Big Joe Turner
67%
Jazz saxophonist and band leader, nicknamed "Bird" 1920 Kansas Charlie Parker
67%
Actor, "American Beauty" "Adaptation" "Little Women" "The Amazing Spider-Man 2" 1951 Missouri Chris Cooper
67%
Host of "The Late Late Show" from 1999 to 2004 and first host of "The Daily Show" from 1996 to 1998 1962 Missouri Craig Kilborn
67%
Actor, known for his role as James Rhodes/War Machine in the Marvel Cinematic Universe 1964 Missouri Don Cheadle
67%
Actress, "The Office" "Unbreakable Kimmy Schmidt" "21 Jump Street" 1980 Missouri Ellie Kemper
67%
Actor, known for his role as Cameron Tucker in "Modern Family" 1971 Kansas Eric Stonestreet
67%
Author, "Gone Girl" "Sharp Objects" 1971 Missouri Gillian Flynn
67%
Actress, known for her portrayal of "bad girl" characters and considered a screen legend of classical Hollywood. She died aged 26 of kidney failure. 1911 Missouri Jean Harlow
67%
Actress, "Shadowhunters" "Arrow" "Maze Runner" 1995 Missouri Katherine McNamara
67%
Director, "M*A*S*H" "Nashville" "The Player" 1925 Missouri Robert Altman
67%
Hall of Fame golfer and winner of eight major championships 1949 Missouri Tom Watson
67%
Hall of Fame golfer and winner of five major championships 1956 Missouri Amy Alcott
33%
Actress, known for her role as Lake Meriwether in "Love, Victor" 2001 Missouri Bebe Wood
33%
Actress, known for her role as Thelma Lou in "The Andy Griffith Show" 1926 Missouri Betty Lynn
33%
Silver medal winner at the 2020 Summer Olympics in the pole vault 1998 Missouri Chris Nilsen
33%
Actress, "Hannah and Her Sisters" "Bullets over Broadway" "Parenthood" 1948 Missouri Dianne Wiest
33%
Governor of Arizona from 1997 to 2003 1935 Missouri Jane Dee Hull
33%
Actress and singer, "Hidden Figures" "Moonlight" 1985 Kansas Janelle Monaé
33%
Governor of Pennsylvania since 2023 1973 Missouri Josh Shapiro
33%
Former sprinter, former 100 meters world record holder and winner of four Olympic medals 1974 Kansas Maurice Greene
33%
Nobel Prize winning geneticist, known for discovering the cycle and clock gene 1944 Missouri Michael Rosbash
33%
Secretary of Commerce from 1980 to 1981 and former President of the World Jewish Congress 1907 Missouri Philip Klutznick
33%
Track and field sprinter who won the gold medal at the 2024 Summer Olympics in the 400 metres event 1998 Missouri Quincy Hall
33%
Actor, "Dune" "Lincoln" "Lady Bird" 1949 Missouri Stephen McKinley Henderson
33%
No matching quizzes found
Score Distribution
Percent of People with Each Score
Percentile by Number Answered
Your Score History
You have not taken this quiz since the last reset